[Event "NED-ch U20 Girls"]
[Site "Assen"]
[Date "2018.05.01"]
[Round "3"]
[White "De Boer, Marit"]
[Black "Heskes, Ebba"]
[Result "1-0"]
[WhiteElo "1446"]
[BlackElo "1266"]
[PlyCount "141"]
[EventDate "2018.04.29"]
[EventType "swiss"]
[EventRounds "7"]
[EventCountry "NED"]
[SourceTitle "CBM 184 Extra"]
[Source "ChessBase"]
[SourceDate "2018.06.28"]
[SourceVersion "1"]
[SourceVersionDate "2018.06.28"]
[SourceQuality "1"]

1. d4 d5 2. Bf4 Nc6 3. e3 Nf6 4. Nf3 a6 5. c4 Bg4 6. Nc3 e6 7. a3 Bd6 8. Bg3 0-0 9. Bd3 b6 10. 0-0 Ne7 11. Qc2 Bxf3 12. gxf3 dxc4 13. Bxc4 c5 14. dxc5 Bxc5 15. Rfd1 Qc8 16. Qe2 b5 17. Bb3 Qc6 18. Rd2 Ned5 19. Nxd5 exd5 20. Rc1 Rac8 21. Rdc2 Qb6 22. Be5 Nd7 23. Bd4 Rc7 24. Rc3 Qg6+ 25. Kh1 Rfc8 26. Rg1 Qe6 27. Rxg7+ Kf8 28. Bxc5+ Kxg7 29. Bd4+ Kf8 30. Qd2 Qh3 31. Qd1 Rxc3 32. bxc3 Qf5 33. Bxd5 Ke7 34. Be4 Qh5 35. Qb3 Rg8 36. Qb4+ Ke8 37. Qb1 Qh3 38. f4 Rg4 39. Bb7 a5 40. Qxb5 Rh4 41. Kg1 Qxh2+ 42. Kf1 Qh3+ 43. Ke1 Qe6 44. Bc6 Ke7 45. Bxd7 Qxd7 46. Bf6+ Ke6 47. Qxd7+ Kxd7 48. Bxh4 a4 49. Kd2 Kd6 50. Kd3 Kd5 51. e4+ Kc5 52. Be7+ Kc6 53. Kd4 Kd7 54. Bg5 Kd6 55. e5+ Ke6 56. c4 h5 57. c5 Kd7 58. Kd5 Kc7 59. f5 Kd7 60. e6+ fxe6+ 61. fxe6+ Kc7 62. e7 Kd7 63. c6+ Ke8 64. c7 Kd7 65. c8Q+ Kxc8 66. e8Q+ Kb7 67. Qc6+ Ka7 68. Be3+ Kb8 69. Bb6 h4 70. Qc7+ Ka8 71. Qa7# 1-0

[Event "NED-ch U20 Girls"]
[Site "Assen"]
[Date "2018.04.29"]
[Round "1"]
[White "Waardenburg, Marlinde"]
[Black "Heskes, Ebba"]
[Result "1-0"]
[WhiteElo "1686"]
[BlackElo "1266"]
[PlyCount "59"]
[EventDate "2018.04.29"]
[EventType "swiss"]
[EventRounds "7"]
[EventCountry "NED"]
[SourceTitle "CBM 184 Extra"]
[Source "ChessBase"]
[SourceDate "2018.06.28"]
[SourceVersion "1"]
[SourceVersionDate "2018.06.28"]
[SourceQuality "1"]

1. e4 e5 2. Nf3 Nc6 3. Bb5 d6 4. c3 Bd7 5. Ba4 Nf6 6. d3 Be7 7. 0-0 0-0 8. h3 h6 9. Re1 a6 10. Nbd2 b5 11. Bc2 Be6 12. d4 exd4 13. Nxd4 Ne5 14. f4 Nc4 15. Nxe6 fxe6 16. Nxc4 bxc4 17. Qe2 d5 18. e5 Nd7 19. b4 c6 20. Qg4 Qb6+ 21. Kh1 c5 22. Qg6 Nf6 23. exf6 Bxf6 24. bxc5 Qc6 25. Bd2 d4 26. cxd4 Bxd4 27. Rxe6 Qd7 28. Rae1 Bf6 29. Qh7+ Kf7 30. Bg6# 1-0